000 00871nam a22002057a 4500
999 _c3362
_d3362
003 AR-CdUCM
008 190306b ||||| |||| 00| 0 spa d
040 _aMUNICIPALIDAD PROVINCIAL DEL CUSCO
_cBIBLIOTECA MUNICIPAL DEL CUSCO
082 _a498.51 /
_bM361
100 _aMarroquín Llamoca, Angel.
_911130
245 _aGramática quechua o runa simi :
_bCusco-Puno /
260 _aLima :
_bPalma Ediciones,
_c1990.
300 _a121 paginas ;
_c20 cm.
505 _aEl idioma quechua en la historia, el alfabeto y características del quechua Cusco-Puno -- El lenguaje, dialecto y gramática -- Letras, silabas, acentos y palabras -- El sustantivo y su clasificación -- Adjetivos calificativos y determinativos...
650 _aLengua quechua
_97426
650 _aGramática.
_99175
650 _aLenguaje y dialecto
_911131
942 _2ddc
_cLIBROS
945 _awnts